[Event "POL-chT 50th"]
[Site "Lubniewice"]
[Date "1994.??.??"]
[Round "11"]
[White "Chekhov, Valery A"]
[Black "Krasenkow, Michal"]
[Result "1-0"]
[WhiteElo "2490"]
[BlackElo "2595"]
[Annotator "Chekhov,V"]
[PlyCount "53"]
[EventDate "1994.09.22"]
[EventType "team-tourn"]
[EventRounds "11"]
[EventCountry "POL"]
[SourceTitle "CBM 044"]
[Source "ChessBase"]
[SourceDate "1995.02.01"]
[SourceVersion "1"]
[SourceVersionDate "1995.02.01"]
[SourceQuality "1"]
[WhiteTeam "Zabrze Gornik"]
[BlackTeam "Gorzow Welkopolski"]
[WhiteTeamCountry "POL"]
[BlackTeamCountry "POL"]

1. Nf3 c5 2. e4 e6 3. g3 Nc6 (3... d5 $5 4. exd5 exd5 5. Bg2 (5. d4 $6 Nc6 6.
Bg2 Bg4 $36) 5... d4 6. O-O $14) 4. Bg2 Nf6 5. d3 d5 $6 (5... d6 $5) 6. Qe2 $1
Be7 7. O-O b6 8. e5 Nd7 9. c4 dxc4 $6 (9... d4 $5) 10. dxc4 Bb7 11. Nc3 a6 12.
Rd1 Qc7 13. Bf4 O-O-O (13... h6 $5 14. h4 O-O-O) 14. Nd5 $1 $16 exd5 15. cxd5
Nb4 (15... Ncxe5 16. Nxe5 Nxe5 17. Bxe5 Bd6 18. Bxg7) 16. d6 (16. e6 Bd6 17.
exd7+ Rxd7) 16... Bxd6 17. Rxd6 Nf8 18. Bh3+ Ne6 $8 19. Ng5 Rxd6 20. exd6 Qc6
21. f3 Kb8 22. Bxe6 fxe6 23. Nf7 $18 Nc2 (23... Rf8 24. d7+ Ka7 25. d8=Q) 24.
d7+ Ka7 25. d8=Q Rxd8 (25... Nd4 26. Qxd4 cxd4 27. Nxh8) 26. Nxd8 Qd5 27. Qxc2
1-0

[Event "RUS-Cup2"]
[Site "Moscow"]
[Date "1996.??.??"]
[Round "8"]
[White "Chekhov, Valery A"]
[Black "Vasiukov, Evgeni"]
[Result "1-0"]
[WhiteElo "2535"]
[BlackElo "2505"]
[Annotator "Chekhov,V"]
[PlyCount "89"]
[EventDate "1996.11.28"]
[EventType "swiss"]
[EventRounds "9"]
[EventCountry "RUS"]
[SourceTitle "CBM 056 Extra"]
[Source "ChessBase"]
[SourceDate "1997.03.01"]
[SourceVersion "1"]
[SourceVersionDate "1997.03.01"]
[SourceQuality "1"]

1. Nf3 f5 2. c4 Nf6 3. Nc3 d6 4. d4 g6 5. e3 Bg7 6. Be2 O-O 7. b4 $6 (7. O-O $5
) 7... c5 $1 (7... e5 8. dxe5 dxe5 9. Qb3 e4 10. Nd4 c6 11. O-O Re8 12. a4 $132
{Chekhov,V-Malaniuk,V/Palma de Mallorca/1989/0,5/47/}) 8. bxc5 dxc5 9. Bb2 cxd4
(9... Ne4 10. O-O Nc6 11. Na4 Qc7 12. Qc2 cxd4 13. exd4 Rd8 14. Rfd1 $132 {
Chekhova,T-Lewandowska,K/Bydgoszcz/1990/0|1/29/}) 10. exd4 Nc6 11. O-O Ne4 12.
Na4 (12. Nxe4 fxe4 13. Ne5 Nxe5 14. dxe5 Qxd1 15. Rfxd1 Be6 $15) 12... Na5 $1
13. d5 (13. Qc2 Bd7 $17) 13... Bxb2 14. Nxb2 Bd7 (14... Nc3 $6 15. Qd3 Nxe2+
16. Qxe2 Bd7 17. Nd4 $14) 15. Qd4 Qb6 $1 16. Qxb6 axb6 17. Ne5 Be8 (17... Rfd8
$5 $15) 18. Rac1 Rc8 19. f3 Nd6 20. Bd3 Rf6 (20... e6 $5 21. dxe6 (21. Kf2 Kg7
$5 $15) 21... Rf6 $17) 21. Kf2 e6 22. Ke3 Rc5 23. Kd4 Nb5+ $5 24. cxb5 (24. Ke3
$5 f4+ 25. Kf2 Nd6 $15) 24... Rxd5+ 25. Kc3 Rxe5 26. Kb4 Rd5 27. Rfd1 Kf8 $6 (
27... Rd4+ 28. Bc4 Rh4 29. Rd6 Nxc4 30. Nxc4 Rxh2 31. Rxb6 Rxg2 32. a4 $16) (
27... g5 $1 28. Be2 (28. Rc8 Kf8 29. Be2 Rh6 30. Rxd5 exd5 31. h3 Rh4+ 32. Ka3
Rd4 $17) (28. Na4 Rd4+ 29. Bc4 Rxc4+ 30. Rxc4 Nxc4 31. Kxc4 e5 32. Rd8 Rf8 33.
Kb4 Bf7 34. Rxf8+ Kxf8 35. Nxb6 Bxa2 (35... Ke7 36. a4 $132) 36. Nd7+ Ke7 37.
Nxe5 Kd6 38. Nd3 b6 $15) 28... Rh6 $22 29. h3 Rh4+ $17) 28. Be2 Rxd1 29. Rxd1
e5 30. Na4 $14 e4 $6 (30... Bf7 31. Nxb6 Rxb6 32. Kxa5 Rf6 33. a4 Ke7 34. Kb4
Rd6 $14) 31. fxe4 Re6 (31... fxe4 $4 32. Rf1 Ke7 33. Rxf6 Kxf6 34. Nxb6 $18)
32. Rd4 fxe4 33. Nxb6 Rxb6 34. Rxe4 $1 $16 Nb3 (34... Nc6+ 35. Kc5 $18) 35.
axb3 $1 (35. Kxb3 Bf7+ (35... Bxb5 $4 36. Rb4 $18) 36. Kb2 Bd5 37. Rf4+ Ke7 $14
) 35... Rf6 36. Ka5 $1 g5 37. Re5 h6 38. Bf3 b6+ 39. Ka6 Rd6 40. Re3 h5 41. Rc3
$18 Ke7 42. Bc6 Bd7 43. Kxb6 h4 (43... Kd8 44. Rc5 Rg6 45. Rd5 $18) 44. Kc7 g4
45. Re3+ 1-0

[Event "Pripis Memorial"]
[Site "Moscow"]
[Date "1999.??.??"]
[Round "11"]
[White "Chekhov, Valery A"]
[Black "Shabanov, Yuri"]
[Result "1-0"]
[WhiteElo "2511"]
[BlackElo "2503"]
[PlyCount "71"]
[EventDate "1999.??.??"]
[EventType "tourn"]
[EventRounds "12"]
[EventCountry "RUS"]
[EventCategory "7"]
[SourceTitle "EXT 2001"]
[Source "ChessBase"]
[SourceDate "2000.11.22"]
[SourceVersion "1"]
[SourceVersionDate "2000.11.22"]
[SourceQuality "1"]

1. e4 d6 2. d4 Nf6 3. f3 d5 4. e5 Ng8 5. f4 Bf5 6. c4 e6 7. Nf3 Nc6 8. a3 Nge7
9. Nc3 Bg4 10. cxd5 exd5 11. Be3 Nf5 12. Bf2 Bxf3 13. gxf3 g6 14. Qd3 Be7 15.
Bh3 Bh4 16. Bxf5 Bxf2+ 17. Kxf2 gxf5 18. Rac1 Qd7 19. Na4 b6 20. Nc3 Rg8 21.
Rc2 Nd8 22. Ne2 Ne6 23. Qxf5 O-O-O 24. Qd3 Qe7 25. h4 f5 26. Qxf5 Rdf8 27. Qh3
Qf7 28. Rc6 Rg6 29. Rhc1 Kb8 30. f5 Qxf5 31. Qxf5 Rxf5 32. Ke3 Kc8 33. b4 Kd7
34. b5 Rg2 35. Rxe6 Kxe6 36. Rxc7 1-0